000 00391nam a22001577a 4500
008 220514b ||||| |||| 00| 0 eng d
020 _a9789380179377
082 _a537
_bKUE
100 _aKularatna Nihal
245 _aElectric Circuits
_b
_cBy Nihal Kularatna
260 _aJaipur
_bOxford Book Company
_c2010
300 _a296p.
650 _aPHYSICS
942 _cBK
999 _c44192
_d44192
041 _aeng